00475nam a22001697a 4500003000700000005001700007008004100024020002200065082001600087100001400103245005900117250001700176260006100193300000800254490002600262650001700288MPLRDC20220104200411.0210129b ||||| |||| 00| 0 eng d a978-957-13-6443-8 a677.69 LMJ  a李慕瑾 a外国旅人遇见台湾惊艳c林芝安 采访拟文 a初版一刷 a台湾b时报文化出版企业股份有限公司c2015 b平 a品味地球: KTH2022 a台湾游记